000 00422cam a2200181ua 4500
001 3605
008 111126n ii |||gr||||Z||||||asm
040 _cMAIN
082 _a953.8
100 _aPiar, Md.,
_eAuthor.
245 1 1 _aKarbala shahid
_cby Md. Piar
250 _a1st.
260 _aGuwahati:
_bOriental Book Company,973.
300 _a143p:
_c23cm.
653 _aHistory
653 _aKarbala shahid
942 _cBK
999 _c3446
_d3446